• 首页
  • 本馆介绍
  • 公告通知
  • 最新文献
  • 馆藏检索
  • 电子资源
  • 读者导购
  • 参考咨询
  • 我的图书馆
  • 登录
  • 详细信息显示
  • 放入我的书架
  • 预约/预借图书
  • 作者相关作品
  • 分类相关作品
  • 丛书相关作品
  • 出版社相关作品

书目信息

  • 表格格式
  • 工作单格式
  • 卡片格式
题名:
团日活动方案集锦
    
 
作者: 姜援朝 , 文伯年 , 刘勇 主编 ;总参谋部政治部组织部 编
分册:  
出版信息: 北京   军事译文出版社  1987
页数: 132页
开本: 19cm
丛书名:
单 册:
中图分类: D297
科图分类:
主题词: 中国共产主义青年团--共青团工作
电子资源:
ISBN:
000 00809nam0 2200265 45
001 0187000991
005 20050630084656.5
010    @dCNY1.00
091    @a7319.01
100    @a19900808d1987 em y0chiy0121 ea
101 0  @achi
102    @aCN@b110000
105    @ay z 000yy
200 10 @a团日活动方案集锦@Atuan ri huo dong fang an ji jin@f姜援朝等主编@FJiangYuan Chao Deng Zhu Bian@g总参谋部政治部组织部编
210    @a北京@c军事译文出版社@d1987
215    @a132页@d19cm
606 0  @a中国共产主义青年团@x共青团工作
690    @aD297@v3
701  0 @a姜援朝@4主编
701  0 @a文伯年@4主编
701  0 @a刘勇@4主编
712 02 @a总参谋部政治部组织部@AZong Can Mou Bu Zheng Zhi Bu Zu Zhi Bu@4编
801  0 @aCN@b深圳图书馆@c20040424
801  2 @aCN@bNLC@c20040424
905    @dD297@e14@f1@b252401
    
    团日活动方案集锦/姜援朝等主编/总参谋部政治部组织部编.-北京:军事译文出版社,1987
    132页;19cm
    
    
    ISBN :CNY1.00
    
●
相关链接 在E读中查询图书 在五车中查询图书 在当当中查询图书 在豆瓣中查询图书


正题名:团日活动方案集锦     索取号:D297/14         预约/预借

序号 登录号 条形码 馆藏地/架位号 状态 备注
1 0252399   000380938   第一借阅区/ [索取号:D297/14] 在馆    
2 0252400   000380947   第一借阅区/ [索取号:D297/14] 在馆    
3 0252401   000380929   第一样本阅览室/ [索取号:D297/14] 在馆    
唐山师范学院图书馆 欢迎您!
大连网信软件有限公司© 版权所有